Современная ботаника : (Record no. 61170)
[ view plain ]
| 000 -LEADER | |
|---|---|
| fixed length control field | 01052nam a2200289 u 4500 |
| 001 - CONTROL NUMBER | |
| control field | 000177964 |
| 003 - CONTROL NUMBER IDENTIFIER | |
| control field | AM-YEHGA |
| 005 - DATE AND TIME OF LATEST TRANSACTION | |
| control field | 20250618071345.0 |
| 008 - FIXED-LENGTH DATA ELEMENTS--GENERAL INFORMATION | |
| fixed length control field | 030329s1990 ru ||||gr|||||||||0|rus|d |
| 020 ## - INTERNATIONAL STANDARD BOOK NUMBER | |
| International Standard Book Number | 5030002952 |
| 020 ## - INTERNATIONAL STANDARD BOOK NUMBER | |
| International Standard Book Number | 5-03-000296-0 |
| 040 ## - CATALOGING SOURCE | |
| Original cataloging agency | AM-YeHGA |
| 041 1# - LANGUAGE CODE | |
| Language code of text/sound track or separate title | rus |
| Language code of original | eng |
| 090 ## - LOCALLY ASSIGNED LC-TYPE CALL NUMBER (OCLC); LOCAL CALL NUMBER (RLIN) | |
| -- | 62207 |
| 100 1# - MAIN ENTRY--PERSONAL NAME | |
| Personal name | Рейвн, Питер |
| 245 10 - TITLE STATEMENT | |
| Title | Современная ботаника : |
| Remainder of title | В 2-х т. / |
| Statement of responsibility, etc. | П. Рейвн, Р. Эверт, С. Айкхорн; Пер. с англ. В.Н. Гладковой и др. ; Под ред. А.Л. Тахтаджяна. |
| 246 15 - VARYING FORM OF TITLE | |
| Title proper/short title | Biology of plants |
| 260 ## - PUBLICATION, DISTRIBUTION, ETC. | |
| Place of publication, distribution, etc. | Москва : |
| Name of publisher, distributor, etc. | Мир, |
| Date of publication, distribution, etc. | 1990- |
| 300 ## - PHYSICAL DESCRIPTION | |
| Extent | том ; |
| Dimensions | 30 см. |
| 505 00 - FORMATTED CONTENTS NOTE | |
| Miscellaneous information | Т. 1 (1990, 347 с.) ; |
| -- | Т. 2 (1990, 344 с.) |
| 650 14 - SUBJECT ADDED ENTRY--TOPICAL TERM | |
| Topical term or geographic name entry element | Ботаника |
| 700 1# - ADDED ENTRY--PERSONAL NAME | |
| Personal name | Эверт, Рэй Франклин |
| 700 1# - ADDED ENTRY--PERSONAL NAME | |
| Personal name | Айкхорн, Сьюзн |
| 700 1# - ADDED ENTRY--PERSONAL NAME | |
| Personal name | Гладкова, В.Н. |
| Relator term | пер. |
| Relationship | trl |
| 700 1# - ADDED ENTRY--PERSONAL NAME | |
| Personal name | Թախտաջյան, Արմեն Լևոնի, |
| Dates associated with a name | 1910-2009 |
| Relator term | ред. |
| Relationship | edt |
| 9 (RLIN) | 3348 |
| 942 ## - ADDED ENTRY ELEMENTS (KOHA) | |
| Source of classification or shelving scheme | Universal Decimal Classification |
| Koha item type | Գրքեր / Books |
| Withdrawn status | Lost status | Damaged status | Not for loan | Collection | Home library | Current library | Date acquired | Serial enumeration / chronology | Total checkouts | Full call number | Barcode | Date last seen | Price effective from | Koha item type | Public note |
|---|---|---|---|---|---|---|---|---|---|---|---|---|---|---|---|
| General | Fundamental Scientific Library | Fundamental Scientific Library | 22/12/2016 | Т. 1 | PIII/58696 | FL0412048 | 22/12/2016 | 22/12/2016 | Գրքեր / Books | 30 Days Loan | |||||
| General | Fundamental Scientific Library | Fundamental Scientific Library | 22/12/2016 | Т. 1 | PIII/58924 | FL0411305 | 22/12/2016 | 22/12/2016 | Գրքեր / Books | 30 Days Loan | |||||
| General | Fundamental Scientific Library | Fundamental Scientific Library | 22/12/2016 | Т. 2 | PIII/58972 | FL0414274 | 22/12/2016 | 22/12/2016 | Գրքեր / Books | 30 Days Loan | |||||
| General | Fundamental Scientific Library | Fundamental Scientific Library | 22/12/2016 | Т. 2 | PIII/59025 | FL0412563 | 22/12/2016 | 22/12/2016 | Գրքեր / Books | 30 Days Loan | |||||
| General | Fundamental Scientific Library | Fundamental Scientific Library | 17/01/2022 | Т. 1 | РД III/15853 | FL0670107 | 17/01/2022 | 17/01/2022 | Գրքեր / Books | 30 Days Loan | |||||
| General | Fundamental Scientific Library | Fundamental Scientific Library | 18/01/2022 | Т. 2 | РД III/15854 | FL0670108 | 18/01/2022 | 18/01/2022 | Գրքեր / Books | 30 Days Loan |
ՀՀ Գիտությունների ազգային ակադեմիայի հիմնարար գիտական գրադարան = Fundamental Scientific Library of NAS RA
All site content, except where otherwise noted, is licensed under a